The complete idiot's guide to tae kwon do / (Record no. 354713)
[ view plain ]
| 000 -LEADER | |
|---|---|
| fixed length control field | 00289nam a2200097Ia 4500 |
| 008 - FIXED-LENGTH DATA ELEMENTS--GENERAL INFORMATION | |
| fixed length control field | 180205s9999 xx 000 0 und d |
| 100 ## - MAIN ENTRY--PERSONAL NAME | |
| Personal name | Eden, Karen |
| 245 ## - TITLE STATEMENT | |
| Statement of responsibility, etc | Yates, Keith |
| Title | The complete idiot's guide to tae kwon do / |
| 260 ## - PUBLICATION, DISTRIBUTION, ETC. (IMPRINT) | |
| Place of publication, distribution, etc | Philippines |
| Name of publisher, distributor, etc | Alpha books |
| Date of publication, distribution, etc | 1998 |
| 300 ## - PHYSICAL DESCRIPTION | |
| Extent | ix, 298 pages |
| Withdrawn status | Lost status | Damaged status | Home library | Current library | Shelving location | Date acquired | Source of acquisition | Total Checkouts | Full call number | Barcode | Date last seen | Price effective from | Koha item type |
|---|---|---|---|---|---|---|---|---|---|---|---|---|---|
| College Library | College Library | General Circulation Section | 02/05/2018 | Library Fund | GV 1114.9 .Ed22 1998 | C1194 | 05/15/2018 | 02/05/2018 | Books |